000 00925nam a22002531u 4500
001 04760
003 HDC
007 cr bn ---aaaaa
008 210117p9999 fo d 00 engg
040 _aHDC
100 _aLIM, Kuang Long
_eauthor
_94989
245 4 _aThe Facilitation At Pre-Internationalisation Stage: A Study Of Malaysian Foodservice Firms / by
_cLIM Kuang Long
260 _a[no place] :
_b [publisher not identified] ,
_c [no year]
300 _a 1 online resource (15 pages)
336 _atext
_2rdacontent
337 _acomputer
_2rdamedia
338 _aonline resource
_2rdacarrier
650 _aInternational Business
_94990
650 _aStrategic Management
_94991
856 _zRequest full-text at [email protected]
942 _2lcc
942 _cAR
942 _kJART 001225
999 _c2085
_d2085